000 00471nam a2200205Ia 4500
003 OSt
005 20220927114241.0
006 a|||||r|||| 00| 0
007 ta
008 220926b |||||||| |||| 00| 0 eng d
024 _a148802
037 _cTextbook
040 _aRTL
_cRTL
_beng
041 _2eng
_aeng
082 _aX
100 _aAGGARWAL Sk
_9387923
245 0 _aPoverty and inequality
942 _hX
_cCC
999 _c703776
_d703776